| 000 | 00389nam a2200145 i 4500 | ||
|---|---|---|---|
| 001 | bg | ||
| 100 | 1 | _aDRZEWIECKI, Maciej | |
| 245 | 0 |
_aRola turystyki w rozwoju ekonomicznym wsi pomorskich / _cMaciej Drzewiecki. |
|
| 260 |
_aWarszawa, _c1980. |
||
| 040 | _cBPK | ||
| 041 | _apol | ||
| 080 | _a338.48:338.2:330.59(438-22)"19" | ||
| 942 | _cKS | ||
| 008 | s pl f |000 0 pol | ||
| 999 |
_c19871 _d19871 |
||
| 856 |
_uhttp://koha.tu.koszalin.pl/cgi-bin/koha/opac-detail.pl?biblionumber=19871 _yKatalog online BPK |
||